000
00216nam a2200097Ia 4500
008
220204s9999 xx 000 0 und d
082
_a
82-3
_b
HAR
100
_a
Hardy, Thomas
245
0
_a
Jude the obscure
942
_c
BK
999
_c
33013
_d
33013